स्वतन्त्रता सेनानी कोश; (Record no. 67904)

MARC details
000 -LEADER
fixed length control field 00889nam a22001697a 4500
005 - DATE AND TIME OF LATEST TRANSACTION
control field 20120614113448.0
020 ## - INTERNATIONAL STANDARD BOOK NUMBER
International Standard Book Number 9788188418381
Terms of availability 975.00
100 ## - MAIN ENTRY--PERSONAL NAME
Personal name नागोरी, एस.एल.
245 ## - TITLE STATEMENT
Title स्वतन्त्रता सेनानी कोश;
Remainder of title (गांधीयुगीन)/
Statement of responsibility, etc एस.एल नागोरी एंव कान्ता नागोरी
260 ## - PUBLICATION, DISTRIBUTION, ETC. (IMPRINT)
Place of publication, distribution, etc जयपुर
Name of publisher, distributor, etc गीतांजलि प्रकाशन
Date of publication, distribution, etc 2011
270 ## - ADDRESS
Address फिल्म कालोनी, चौड़ा रास्ता
Postal code 302003
Telephone number 01412315072
300 ## - PHYSICAL DESCRIPTION
Extent viii,500 पृ.
Dimensions 22 सें.मी.(सजिल्द)
700 ## - ADDED ENTRY--PERSONAL NAME
Personal name कान्ता नागोरी
9 (RLIN) 49045
942 ## - ADDED ENTRY ELEMENTS (KOHA)
Source of classification or shelving scheme Dewey Decimal Classification
Item type Hindi Books
Call number suffix नागोरी
Holdings
Withdrawn status Lost status Not for loan Home library Current library Date acquired Cost, normal purchase price Full call number Cost, replacement price Koha item type
      Andrews Gunj Andrews Gunj 14/06/2012 975.00 नागोरी 975.00 Hindi Books

© Delhi Public Library
Hit Counter
free hit counter